00453 a2200097 4500001001000000005001700010008004100027245019500068100002200263773007000285ART_5928420260410161610.0260409a 10aAlgunas diferencias y similitudes entre la norma unificada argentina de contabilidad (NUA) y las normas internacionales de información financiera (NIIF). Ingresos de actividades ordinarias1 aZgaib, Alfredo O.0 tProfesional & Empresariag- Año XXV, Nº 288 (sep. 2023)wREV70